| 000 | 00991nas a2200301 4500 | ||
|---|---|---|---|
| 001 | BR2011007212 | ||
| 003 | BR-BrBNA | ||
| 005 | 20231205115741.0 | ||
| 007 | ta | ||
| 008 | 230509b bl.|||p| |||| 00| 00por d | ||
| 040 |
_aBR-BrBNA _bpor _cBiblioteca Nacional de Agricultura |
||
| 041 | _a(Pt) | ||
| 072 | _aL74; L70 | ||
| 100 | 1 | _aHvenegaard, A.P. | |
| 100 | 1 | _aSafatle, A.M.V. | |
| 100 | 1 | _aRossi Júnior, J.L. | |
| 245 | 1 | _aCatarata diabética: do diagnóstico ao retorno da capacidade visual | |
| 246 | 1 | _aDiabetics cataracts from diagnose to the return of vision | |
| 650 | _aCÃO | ||
| 650 | _aDISTÚRBIO ANIMAL | ||
| 650 | _aDIABETE | ||
| 650 | _aCATARATA | ||
| 650 | _aDIAGNÓSTICO | ||
| 650 | _aTRATAMENTO | ||
| 773 | 0 |
_tMEDVEP. Revista Científica de Medicina Veterinária. Pequenos Aniamis e Animais de Estimação (Brazil) _xISSN 1678-1430 _g(Jan-Mar 2010), v. 8(24) p. 85-91 _wBR2011007212 |
|
| 909 |
_a202311 _bLúcia _c55 _dLúcia Elande |
||
| 942 |
_2AGRIS _n0 _cANA |
||
| 999 |
_c215513 _d215513 |
||